Pays par région géographique #1 - Statistiques

Statistiques générales
  • Ce quiz a été pris 191 fois
  • Le résultat moyen est 13 sur 15
Statistiques - réponses
Region # Réponse % Correct
Scandinavie 3
98%
Sous-Continent Indien
(Sans compter l'Inde)
6
97%
Amérique Centrale 8
97%
Indochine 6
96%
Péninsule Arabique 7
95%
Cercle Polaire Arctique 7
94%
Péninsule Ibérique 4
93%
Péninsule des Balkans 12
92%
Caucase 4
80%
Antarctique 7
80%
Petites Antilles 8
79%
Micronésie
(Sans compter les EFM)*
*Entièrement en Micronésie
4
72%
Massif de l'Atlas 3
72%
Mésoamérique 7
62%
Désert du Kalahari 3
49%
Aucun quiz correspondant
Distribution des résultats
% des personnes avec chaque résultat
Percentile par nombre de réponses
Votre historique - résultats
Vous n’avez pas pris ce quiz